000 00720cab a2200241 4500
001 ABS54738
008 090401t1996 xxu||||| |||| 00| 0 eng d
035 _a(Sirsi) u12070
041 _aeng
100 _aGraham, S.
245 _aSurvival instincts
260 _c1996
350 _a0
490 _aHousing
_v32(3) April 1996, 24-25(2)
520 _aConsiders building societies` involvement in housing investment trusts and local housing companies as diversification of existing interests.
650 _aBUILDING SOCIETIES
650 _aHOUSING INVESTMENT TRUSTS
650 _aLOCAL HOUSING COMPANIES
650 _aPRIVATE RENTED SECTOR
690 _aHOUSING-FINANCE
942 _n0
948 _c04/03/1997
999 _c7721
_d7721